Statistics for Name the FLOWER in the picture

Click here to take the quiz!

General Stats

  • This quiz has been taken 10 times
  • The average score is 6 of 15

Answer Stats

Answer% Correct
rose
100%
daisy
89%
lavender
78%
daffodil
56%
iris
56%
lotus
56%
tulips
44%
carnation
33%
orchids
33%
camellia
22%
marigold
22%
anemone
11%
freesia
11%
lilies
11%
purple hyacinth
11%

Score Distribution

Percentile by Number Answered

Percent of People with Each Score

Your Score History

You have not taken this quiz